000 00435pab a2200169 454500
008 180718b1999 xxu||||| |||| 00| 0 eng d
100 _aGoyal, Raj Kumar
245 _aDevolution of power to local bodies: an eternal wait
260 _c1999
300 _ap.40-41
362 _aJun
650 _aPanchayat - India
650 _aLocal government - India
650 _aLocal government
773 _aPolitics India
909 _a41375
999 _c41375
_d41375